Gotas de tiempo / (Record no. 9787)

MARC details
000 -LEADER
campo de control de longitud fija 00605nam a2200217 i 4500
001 - NÚMERO DE CONTROL
campo de control 9787
003 - IDENTIFICADOR DE NÚMERO DE CONTROL
campo de control ES-MaACL
005 - FECHA Y HORA DE LA ÚLTIMA TRANSACCIÓN
campo de control 20231213165331.0
007 - CAMPO FIJO DE DESCRIPCIÓN FÍSICA--INFORMACIÓN GENERAL
campo de control de longitud fija t|
008 - DATOS DE LONGITUD FIJA--INFORMACIÓN GENERAL
campo de control de longitud fija 940110s1993 sp ||||1| spa d
020 ## - NÚMERO INTERNACIONAL ESTÁNDAR DEL LIBRO
Número Internacional Estándar del Libro 84-7731-160-9
080 ## - NÚMERO DE LA CLASIFICACIÓN DECIMAL UNIVERSAL
Número de la Clasificación Decimal Universal 86-14"19"
080 ## - NÚMERO DE LA CLASIFICACIÓN DECIMAL UNIVERSAL
Número de la Clasificación Decimal Universal 86(Mansilla,F.7 G.01)
100 1# - ENTRADA PRINCIPAL--NOMBRE DE PERSONA
Nombre de persona Mansilla, Fernando,
Fechas asociadas al nombre 1951-
9 (RLIN) 76119
245 10 - MENCIÓN DEL TÍTULO
Título Gotas de tiempo /
Mención de responsabilidad, etc. Fernando Mansilla.
260 ## - PUBLICACIÓN, DISTRIBUCIÓN, ETC.
Lugar de publicación, distribución, etc. Madrid :
Nombre del editor, distribuidor, etc. Endymión,
Fecha de publicación, distribución, etc. D.L.1993.
300 ## - DESCRIPCIÓN FÍSICA
Extensión 35 p. ;
Dimensiones 20 cm.
852 ## - LOCALIZACIÓN
Ubicación ES-MaACL
Número de control de estantería 2144-F-24
Sublocalización o colección R.122417
852 ## - LOCALIZACIÓN
Ubicación ES-MaACL
Número de control de estantería 2144-F-23
Sublocalización o colección R.122416
Holdings
Estatus retirado Estado de pérdida Estado de daño No para préstamo Colección Biblioteca de origen Biblioteca actual Ubicación en estantería Fecha de adquisición Fuente de adquisición Total de préstamos Signatura topográfica completa Código de barras Visto por última vez Precio de reemplazo Tipo de ítem Koha
        Colección de folletos Biblioteca del Ateneo de Madrid Biblioteca del Ateneo de Madrid Depósito folletos 17/01/2008     2144-F-24 1009989 23/02/2023 23/02/2023 Folleto
        Colección de folletos Biblioteca del Ateneo de Madrid Biblioteca del Ateneo de Madrid Depósito folletos 17/01/2008     2144-F-23 1009990 23/02/2023 23/02/2023 Folleto